header

Measuring and explaining house price developments (Record no. 245494)

MARC details
000 -LEADER
fixed length control field 01563nam a2200325 a 4500
100 1# - MAIN ENTRY--AUTHOR NAME
Personal name De Vries, Paul.
245 10 - TITLE STATEMENT
Title Measuring and explaining house price developments
260 ## - PUBLICATION, DISTRIBUTION, ETC. (IMPRINT)
Place of publication Amsterdam, The Netherlands :
Name of publisher IOS Press,
Year of publication 2010.
300 ## - PHYSICAL DESCRIPTION
Number of Pages 214 p. :
Other physical details ill.
490 1# - SERIES STATEMENT
Series statement Sustainable urban areas,
500 ## - GENERAL NOTE
General note "Proefschrift ter verkrijging van de graad van doctor aan Technische Universiteit Delft, op gezag van de Rector Magnificus, prof. ir. K. Ch. A.M. Luyben, voorzitter van de het College voor Promoties, in het openbaar te verdedigen op woensdag 24 november 2010 om 10.00 uur door Paul de Vries"--Cover.
650 #0 - SUBJECT ADDED ENTRY--TOPICAL TERM
Topical Term Housing
856 40 - ELECTRONIC LOCATION AND ACCESS
Uniform Resource Identifier http://site.ebrary.com/lib/rucke/Doc?id=10440460

No items available.

© 2026 Rongo University
Contact us: librarian | system librarian | Rongo university